Score 0/40 Timer 05:00
12 Plays Today
% Correct
M&
97.7%
Kit
97.4%
Milky
96.9%
Reese's
95.7%
Tootsie
95.3%
Laffy
95%
3
94.8%
Mike and
94.2%
Jolly
94.2%
Sour Patch
94%
Dum
93.9%
Milk
93.7%
Baby
93.2%
5th
92.3%
Now and
92.1%
York Peppermint
92%
Almond
91.9%
Pixy
91.9%
Jelly
91.6%
Junior
90.9%
% Correct
Pay
90.8%
Mr.
90.2%
Pop
89.9%
Swedish
89.1%
Good &
89.1%
Red
88.4%
Everlasting
88%
Nestlé
87.9%
100
87%
Swee
86.9%
Air
85.4%
Take
85.2%
Atomic
84.6%
Toxic
83.6%
Charleston
83.2%
Sugar
83%
Circus
76%
Necco
74.1%
Nik-L-
63%
Chick-O-
61.4%
Remove Ads.
Support Sporcle.
Get the best of Sporcle when you Go Orange. This ad-free experience offers more features, more stats, and more fun while also helping to support Sporcle. Thank you for becoming a member.

You're not logged in!

Compare scores with friends on all Sporcle quizzes.
OR
Log In

Show Comments

Extras

Top Quizzes Today


Score Distribution

Your Account Isn't Verified!

In order to create a playlist on Sporcle, you need to verify the email address you used during registration. Go to your Sporcle Settings to finish the process.

Report this User

Report this user for behavior that violates our Community Guidelines.

Details: